000 00588nam a2200205 a 4500
005 20210219153002.0
008 991125n 000 0 eng u
035 _aUPN01000070866
100 1 _aJones, Carolyn
222 _aLIBRARY TRENDS
245 _aDeafness-related materials : collection development and information retrieval
300 _a31-41
362 0 _a1992 Vol. 41, no. 1
653 0 _aADQUISICION DE BIBLIOTECAS
653 0 _aCOLECCIONES DE BIBLIOTECAS
653 0 _aRECUPERACION DE INFORMACION
653 0 _aSORDERA
904 _aAC
_b008677
905 _aArticulo
999 _c65529
_d65529